000 00708nam a22002297a 4500
003 UA-OsUOA
001 46698
007 ta
008 20070704b un ||||| |||| 00| 0 ukr d
100 _aГачев Г.Д.
090 _a82.09
_bГ24
942 _cBK
040 _aUA-OsUOA
_brus
_cUA-OsUOA
_dUA-OsUOA
245 _aУскореное развитие литературы
_b(на материале Боолгарской литературы первой половины ХІХ в.)
300 _a310 с.
955 _a4
041 _arus
080 _a82.09
260 _aМ.
_bНаука
_c1964
650 7 _a82 Література. Літературознавство
_2UDC
999 _c332797
_d332797